| 000 | 00679nam a2200253 4500 | ||
|---|---|---|---|
| 001 | 2042 | ||
| 010 | _a9789899221536 | ||
| 021 |
_aPT _b544641/25 |
||
| 090 | _a2042 | ||
| 100 | _a20260210d2025 c||y0pory50030103ba | ||
| 101 | _apor | ||
| 102 | _aPT | ||
| 200 |
_aEu não quero ser um sapo _ftexto Dev Petty _gil. Mike Boldt |
||
| 205 | _a1ª edição | ||
| 210 |
_aLisboa _cJacarandá _d2025 |
||
| 215 |
_a[28] p. _cil. _d26 cm |
||
| 300 | _aBMB-Registado | ||
| 304 | _aTít. orig.: I don't want to be a frog | ||
| 606 |
_9863 _aLiteratura Infantil |
||
| 675 |
_a087.5 _vBMB _zpor |
||
| 700 |
_aPetty _bDev _92927 |
||
| 701 |
_aBoldt _bMike _4440 _92929 |
||
| 801 |
_aPT _bBMB _gRPC |
||
| 990 | _cLIVROS | ||